Modelovanie a simulácia mechatronických systémov

Saved in:
Bibliographic Details
Main Author: Grofik, Marcel (Author)
Other Authors: Rosinová, Danica (Thesis advisor)
Format: Manuscript Book
Language:Slovak
Published: Bratislava : STU v Bratislave FEI, 2021
Subjects:
Online Access:https://opac.crzp.sk/?fn=detailBiblioForm&sid=38F43C5054BC4F7F2DBAC6F31F28&seo=CRZP-detail-kniha
Tags: Add Tag
No Tags, Be the first to tag this record!

MARC

LEADER 00000ntm a22000003a 4500
001 stuzp82582
003 SK-STU
005 20210715092857.0
007 ta
008 150427s2015----xo-----f-mn---000-0-slo-d
040 |a STU  |b slo 
041 0 |a slo 
044 |a xo 
100 1 |a Grofik, Marcel  |u 030400  |4 aut  |U FEI Fakulta elektrotechniky a informatiky  |U FEI Fakulta elektrotechniky a informatiky  |T FEI Ústav automobilovej mechatroniky  |X 97973  |U E400  |Y 642  |7 97973 
242 0 1 |a Modelling and Simulation of Mechatronic Systems  |y eng 
245 1 0 |a Modelovanie a simulácia mechatronických systémov 
260 |a Bratislava : 
260 |b STU v Bratislave FEI, 
260 |c 2021 
300 |a 68 s., príl. 
650 4 |a modelovanie  |2 slo 
650 4 |a systém pružina-tlmič  |2 slo 
650 4 |a systém dvojitá pružina-tlmič  |2 slo 
650 4 |a PID regulátor  |2 slo 
650 4 |a IMC metóda riadenia  |2 slo 
650 4 |a LQ regulátor  |2 slo 
650 4 |a Matlab  |2 slo 
650 4 |a Simulink  |2 slo 
650 4 |a Simscape  |2 slo 
650 4 |a simulácia  |2 slo 
650 4 |a elektro-mechanická analógia  |2 slo 
650 4 |a electro-mechanical analogy  |2 eng 
650 4 |a mass-spring-damper system  |2 eng 
650 4 |a double mass-spring-damper system  |2 eng 
650 4 |a Matlab  |2 eng 
650 4 |a PID controller  |2 eng 
650 4 |a modelling  |2 eng 
650 4 |a Simscape  |2 eng 
650 4 |a Simulink  |2 eng 
650 4 |a IMC tuning method  |2 eng 
650 4 |a LQ regulator  |2 eng 
650 4 |a simulation  |2 eng 
700 1 |a Rosinová, Danica  |u 030400  |k Z1  |4 ths  |U FEI Fakulta elektrotechniky a informatiky  |U FEI Fakulta elektrotechniky a informatiky  |T FEI Ústav automobilovej mechatroniky  |X 4938  |U E400  |Y 642  |7 A000004938 
856 4 |u https://opac.crzp.sk/?fn=detailBiblioForm&sid=38F43C5054BC4F7F2DBAC6F31F28&seo=CRZP-detail-kniha